000 00942cab a2200265 4500
001 WB3348-42
008 090401t1997 xxu||||| |||| 00| 0 eng d
035 _a(Sirsi) u82559
041 _aeng
245 _aApproved Letting Scheme
260 _c1997
350 _a0
490 _aEstate Agent
_vNovember 1997, 5(1)
520 _aThe Approved Lettings Scheme, which is due to be launched in March 1998, aims to unite the four main professional institutions and give more confidence to property owners in the standards adopted by residential letting agents.
650 _aAPPROVED LETTING SCHEME
650 _aARLA
650 _aABOUT RICS-RELATED ORGANISATIONS-INCORPORATED SOCIETY OF VALUERS AND AUCTIONEERS
650 _aMANAGING AGENTS
650 _aNAEA
650 _aRESIDENTIAL LETTING AGENTS
650 _aRICS
690 _aMANAGEMENT-BUSINESS MANAGEMENT-PROFESSIONAL PRACTICE
942 _n0
948 _c09/12/1997
999 _c52132
_d52132